[Event "IECC M-5105"]
[Site "IECC email"]
[Date "2004.08.18"]
[Round "?"]
[White "Schrepfer, Jeff"]
[Black "Cunningham, Don"]
[Result "1-0"]
[WhiteElo "951"]
[BlackElo "853"]
[PlyCount "85"]
[EventDate "2004.??.??"]
[EventType "tourn (corr)"]
[EventRounds "10"]
[SourceTitle "Corr 2020"]
[Source "ChessBase"]
[SourceDate "2019.09.30"]
[SourceVersion "1"]
[SourceVersionDate "2019.09.30"]
[SourceQuality "1"]
[WhiteTeam "United States"]
[BlackTeam "United States"]
[WhiteTeamCountry "USA"]
[BlackTeamCountry "USA"]

1. e4 e5 2. Nf3 Nc6 3. Bb5 Nd4 4. Nxd4 exd4 5. 0-0 Bc5 6. c3 a6 7. Bc4 Ne7 8. Qf3 0-0 9. b4 Bb6 10. Ba3 c6 11. Bb3 d5 12. exd5 cxd5 13. c4 Be6 14. c5 Bc7 15. d3 Be5 16. Re1 Ng6 17. Ba4 b5 18. cxb6 Qxb6 19. b5 Rfc8 20. bxa6 Rxa6 21. Bb3 Qc7 22. g3 Rd8 23. Bb2 Qc5 24. Rc1 Qb4 25. Qe2 Bd7 26. Bxd5 Rf6 27. Ba3 Qb8 28. Nd2 Bd6 29. Bxd6 Rxd6 30. Be4 Re6 31. Nb3 Qd6 32. Nc5 Re5 33. Nb7 Qb8 34. Nxd8 Qxd8 35. f4 Re7 36. Qh5 Re6 37. f5 Rxe4 38. dxe4 Ne5 39. Rc5 g6 40. fxg6 Nxg6 41. Rd5 Qe7 42. Rxd4 Qc5 43. Qxc5 1-0

[Event "IECC M-5094"]
[Site "IECC email"]
[Date "2004.08.04"]
[Round "?"]
[White "Schrepfer, Jeff"]
[Black "Cunningham, Don"]
[Result "1-0"]
[WhiteElo "916"]
[BlackElo "821"]
[PlyCount "63"]
[EventDate "2004.??.??"]
[EventType "tourn (corr)"]
[EventRounds "10"]
[SourceTitle "Corr 2020"]
[Source "ChessBase"]
[SourceDate "2019.09.30"]
[SourceVersion "1"]
[SourceVersionDate "2019.09.30"]
[SourceQuality "1"]
[WhiteTeam "United States"]
[BlackTeam "United States"]
[WhiteTeamCountry "USA"]
[BlackTeamCountry "USA"]

1. e4 e5 2. Nf3 Nc6 3. Bb5 Bc5 4. 0-0 d6 5. c3 Bb6 6. d4 exd4 7. cxd4 Bd7 8. d5 Ne5 9. Nc3 Nf6 10. Nxe5 dxe5 11. Bg5 0-0 12. Bxf6 gxf6 13. Bxd7 Qxd7 14. Qf3 Qe7 15. Rad1 Kh8 16. Rd3 Rg8 17. d6 cxd6 18. Nd5 Qe6 19. Nxf6 Rg6 20. Nd5 Rc8 21. Rb3 Rcg8 22. g3 h6 23. Nxb6 axb6 24. Rxb6 Rg5 25. Rxb7 Qh3 26. Rxf7 R5g7 27. Rd1 Qe6 28. Rf6 Qg4 29. Rxh6+ Rh7 30. Qf6+ Rgg7 31. Rxd6 Qg5 32. Rd8# 1-0

[Event "IECC M-5015"]
[Site "IECC email"]
[Date "2004.04.23"]
[Round "?"]
[White "Schrepfer, Jeff"]
[Black "Cunningham, Don"]
[Result "0-1"]
[WhiteElo "829"]
[BlackElo "919"]
[PlyCount "54"]
[EventDate "2004.??.??"]
[EventType "tourn (corr)"]
[EventRounds "10"]
[SourceTitle "Corr 2020"]
[Source "ChessBase"]
[SourceDate "2019.09.30"]
[SourceVersion "1"]
[SourceVersionDate "2019.09.30"]
[SourceQuality "1"]
[WhiteTeam "United States"]
[BlackTeam "United States"]
[WhiteTeamCountry "USA"]
[BlackTeamCountry "USA"]

1. e4 c6 2. d4 d5 3. exd5 cxd5 4. Nf3 Nc6 5. Bb5 e6 6. 0-0 Bd6 7. Re1 Nge7 8. Nc3 0-0 9. Bxc6 Nxc6 10. Ne5 f6 11. Nf3 Re8 12. Ne2 e5 13. c3 e4 14. Nd2 Qc7 15. g3 e3 16. fxe3 Rxe3 17. Nc4 Re7 18. Nxd6 Qxd6 19. Bf4 Qe6 20. c4 Qf5 21. Qb3 Be6 22. Nc3 Nxd4 23. Qd1 Nc2 24. Nxd5 Bxd5 25. Rxe7 Nxa1 26. Qxa1 Bxc4 27. Rxb7 Qc5+ 0-1